000
00331nam a22001457a 4500
008
210304b ||||| |||| 00| 0 eng d
020
_a
2900078111005
041
_a
eng
080
_2
14th
_a
330.722.6
082
_a
330.722.6
100
_a
61
101
_a
KF
245
_a
Managerial Accounting
_c
Garrison, R.H
942
_2
udc
_c
BK
999
_c
55727
_d
55727